Statistiques concernant Quiz Coupe du monde 2018

Cliquez ici pour prendre le quiz!

Statistiques générales

  • Ce quiz a été pris 288 fois
  • Le résultat moyen est 7 sur 14

Statistiques - réponses

HintRéponse% Correct
FinalisteCroatie
100%
Vainqueur da la compétitionFrance
100%
Troisième PlaceBelgique
95%
Meilleur JeuneMbappe
93%
LieuRussie
93%
Meilleur JoueurModric
79%
Joueur ayant inscrit le plus beau butPavard
66%
Meilleur ButeurKane
55%
Stade de la FinaleLoujniki
20%
Nombre de buts total169
14%
Prix du Fair-PlayEspagne
13%
Artiste ayant fait la musique de la Coupe du MondeJason Derulo
10%
Artiste chantant la musique de la Coupe du MondeWill Smith
8%
Nom de la mascotteZabivaka
3%

Distribution des résultats

Percentile par nombre de réponses

% des personnes avec chaque résultat

Votre développement - résultats

Vous n’avez pas pris ce quiz